Limón : (Record no. 193564)

MARC details
000 -LEADER
campo de control de longitud fija 02170nam a2200397 i 4500
001 - NÚMERO DE CONTROL
campo de control 193564
003 - IDENTIFICADOR DE NÚMERO DE CONTROL
campo de control SpMaBN
005 - FECHA Y HORA DE LA ÚLTIMA TRANSACCIÓN
campo de control 20250711063120.0
007 - CAMPO FIJO DE DESCRIPCIÓN FÍSICA--INFORMACIÓN GENERAL
campo de control de longitud fija ta
008 - DATOS DE LONGITUD FIJA--INFORMACIÓN GENERAL
campo de control de longitud fija 220217s2022 sp a | |||| 000 0aspa
017 ## - NÚMERO DE COPYRIGHT O DE DEPÓSITO LEGAL
Número de copyright o de depósito legal B 17668-2021
Agencia que asigna Oficina Depósito Legal Barcelona
020 ## - NÚMERO INTERNACIONAL ESTÁNDAR DEL LIBRO
Número Internacional Estándar del Libro 9788418619137
040 ## - FUENTE DE CATALOGACIÓN
Centro catalogador/agencia de origen SpMaBN
Lengua de catalogación spa
Centro/agencia transcriptor SpMaBN
Normas de descripción rda
080 ## - NÚMERO DE LA CLASIFICACIÓN DECIMAL UNIVERSAL
Número de la Clasificación Decimal Universal 929 Limón, Javier
080 ## - NÚMERO DE LA CLASIFICACIÓN DECIMAL UNIVERSAL
Número de la Clasificación Decimal Universal 78 Limón, Javier
100 1# - ENTRADA PRINCIPAL--NOMBRE DE PERSONA
Nombre de persona Limón, Javier,
Fechas asociadas al nombre 1973-
Relación aut
9 (RLIN) 234872
Término indicativo de función/relación Autor
245 10 - MENCIÓN DEL TÍTULO
Título Limón :
Resto del título memorias de un productor musical /
Mención de responsabilidad, etc. Javier Limón
250 ## - MENCION DE EDICION
Mención de edición Primera edición: enero de 2022
264 #1 - PRODUCCIÓN, PUBLICACIÓN, DISTRIBUCIÓN, FABRICACIÓN Y COPYRIGHT
Producción, publicación, distribución, fabricación y copyright [Barcelona] :
Nombre del de productor, editor, distribuidor, fabricante Debate,
Fecha de producción, publicación, distribución, fabricación o copyright 2022
300 ## - DESCRIPCIÓN FÍSICA
Extensión 246 páginas :
Otras características físicas ilustraciones (blanco y negro y color)
Dimensiones 26 cm
336 ## - TIPO DE CONTENIDO
Término de tipo de contenido Texto
-- Imagen fija
Fuente rdacontent
337 ## - TIPO DE MEDIO
Nombre/término del tipo de medio sin mediación
Fuente rdamedia
338 ## - TIPO DE SOPORTE
Nombre/término del tipo de soporte volumen
Fuente rdacarrier
500 ## - NOTA GENERAL
Nota general Índice
520 ## - RESUMEN, ETC.
Sumario, etc. Javier Limón es probablemente el productor musical español más importante de los últimos veinte años. Ganador de ocho premios Grammy, ha producido casi cien discos de artistas como Diego el Cigala, Bebo Valdés, Paco de Lucía, Andrés Calamaro, Buika, Ana Belén, Antonio Orozco, Estopa, Joan Manuel Serrat y Joaquín Sabina, entre muchísimos otros.<br/><br/>En estas fascinantes y divertidas memorias, repletas de anécdotas y de personajes conocidos, Limón nos cuenta como un chaval madrileño sin mucho talento musical se acabó convirtiendo en una leyenda de la música y en factor clave para el surgimiento de numerosos sonidos y movimientos en la escena musical española.
600 1# - PUNTO DE ACCESO ADICIONAL DE MATERIA--NOMBRE DE PERSONA
Nombre de persona Limón, Javier,
Fechas asociadas al nombre 1973-
Fuente del encabezamiento o término embne
9 (RLIN) 234872
655 #7 - TERMINO DE INDIZACIÓN--GENERO/FORMA
Datos o término principal de género/forma Autobiografías
Fuente del término tgfbne
9 (RLIN) 226823
852 ## - LOCALIZACIÓN
Ubicación ES-MaACL
Sublocalización o colección R. 154921
Ubicación en estantería Depósito J
Número de control de estantería N-9575
Anotaciones manuscritas Dedicatoria autógrafa del autor
Donativo/Legado Donación: Javier Limón
Encuadernación Encuadernación cartoné
itemnumber 201028
901 ## - NOMBRE PERSONAL DE POSESOR
a "ISBN"
903 ## - NOMBRE PERSONAL DE DONANTE
9 234872
a Limón, Javier,
d 1973-
e Donante
942 ## - ELEMENTOS DE ENTRADA SECUNDARIOS (KOHA)
Suprimir en OPAC No
Tipo de ítem Koha Libro impreso
Holdings
Estatus retirado Estado de pérdida Fuente del sistema de clasificación o colocación Estado de daño No para préstamo Colección Biblioteca de origen Biblioteca actual Ubicación en estantería Fecha de adquisición Fuente de adquisición Total de préstamos Signatura topográfica completa Código de barras Visto por última vez Precio de reemplazo Tipo de ítem Koha
    Clasificación decimal universal     Libros con dedicatorias Biblioteca del Ateneo de Madrid Biblioteca del Ateneo de Madrid Depósito J 15/01/2024 Donación   N-9575 101206304 15/01/2024 15/01/2024 Libro impreso